Halloween Monsters - Statistics

General Stats
  • This quiz has been taken 196 times
  • The average score is 11 of 15
Answer Stats
Hint Answer % Correct
Can turn into a bat, feasts on human blood vampire
99%
Flies around on a broomstick, casts spells and makes potions witch
99%
Undead creatures, feasts on brains zombie
97%
Turns into a hairy creature on a full moon werewolf
95%
The spirit of the dead, typically haunts old buildings ghost
94%
From Egypt, this creature is wrapped in bandages and places curses on people mummy
94%
A creature from outer space, flies around in a UFO and abducts humans for experiments alien
90%
Very tall monster, made from human remains and was brought to life in a lab frankenstein
90%
The bringer of death, wears a black cloak and carries around a scythe grim reaper
79%
Evil spirit from Hell, works for the Devil demon
74%
A headless demon who rides around on a horse, carrying his head under his arm headless horseman
74%
Tall, hairy, ape-like creature that roams the forests of the USA bigfoot
71%
Small creatures that like to cause mischief goblin
37%
A murderous psychopath dressed in a clown costume killer clown
33%
Hides in closets or under beds, targets children bogeyman
24%
No matching quizzes found
Score Distribution
Percent of People with Each Score
Percentile by Number Answered
Your Score History
You have not taken this quiz